Stand out - Powerline Lyrics (A Goofy Movie) - Statistics

General Stats
  • This quiz has been taken 11 times
  • The average score is 215 of 351
Answer Stats
Answer % Correct
a
100%
out
100%
stand
100%
Stand
100%
the
100%
above
88%
And
88%
and
88%
I
88%
in
88%
of
88%
You
88%
you
88%
if
75%
If
75%
instead
75%
It
75%
it
75%
just
75%
me
75%
take
75%
(walkin'
75%
at
63%
by
63%
by)
63%
could
63%
crowd
63%
Get
63%
get
63%
got
63%
look
63%
make
63%
No
63%
no
63%
notice
63%
people
63%
Some
63%
stop
63%
Till
63%
till
63%
time
63%
to
63%
To
63%
what
63%
when
63%
ain't
50%
all
50%
All
50%
beat
50%
cake
50%
even
50%
Even
50%
every
50%
face
50%
for
50%
gettin'
50%
Gonna
50%
gotta
50%
I'm
50%
(I'm
50%
is
50%
like
50%
loud
50%
matter
50%
mine
50%
move
50%
only
50%
piece
50%
question
50%
rhythm
50%
see
50%
settle
50%
shout
50%
takes
50%
that
50%
up
50%
you'll
50%
alive)
38%
always
38%
believe
38%
chance
38%
do
38%
eyes
38%
fixed
38%
front
38%
grease
38%
heart
38%
It's
38%
line
38%
lives
38%
Livin'
38%
memory
38%
Open
38%
picture
38%
second
38%
squeaky
38%
start
38%
their
38%
thing
38%
typical
38%
until
38%
Until
38%
waitin'
38%
watchin'
38%
whatever
38%
wheel's
38%
wings
38%
won't
38%
yeah
38%
your
38%
you're
38%
again
25%
become
25%
before
25%
break
25%
devoted
25%
disturbing
25%
done
25%
driven
25%
end
25%
glance
25%
half
25%
head
25%
hey
25%
Hmm
25%
how
25%
mmm
25%
my
25%
need
25%
nothin'
25%
number
25%
one
25%
over
25%
peace
25%
prove
25%
rule
25%
spell
25%
There's
25%
totally
25%
under
25%
wouldn't
25%
bend
13%
'em
13%
escape
13%
goin'
13%
I'll
13%
know
13%
madness
13%
means
13%
message
13%
method
13%
Once
13%
outta
13%
send
13%
shape
13%
thought
13%
tryin'
13%
way
13%
was
0%
No matching quizzes found
Score Distribution
Percent of People with Each Score
Percentile by Number Answered
Your Score History
You have not taken this quiz